000 00767nam a2200193 a 4500
008 060829s2006 ||||||||||||||||| || u
020 _a0821365975
050 _aHD 108.5 Sus
110 _aWorld Bank
245 1 0 _aSustainable land management: challenges, opportunities, and trade-offs
260 _aWashington, D. C.
_bWorld Bank
_c2006
300 _axx;87p.; ill.
350 _a0.00
490 _aAgriculture and rural development
650 _aAGRICULTURAL DEVELOPMENT PROJECTS--ENVIRONMENTAL ASPECTS
650 _aLAND USE--ENVIRONMENTAL ASPECTS
650 0 _aSUSTAINABLE DEVELOPMENT
995 _D0.00
_FCBU-MAIN LIBRARY (Kitwe)
_H1
_I0.00
_M1
_UAVAILABLE
_WAug 29, 2006
_ZMain Library Open Access Collection
999 _c59244
_d59244